| 000 | 00908cam a22002657a 4500 | ||
|---|---|---|---|
| 003 | CHAP | ||
| 005 | 20220329140658.0 | ||
| 008 | 971013s r 00010 d | ||
| 010 | _a55918 | ||
| 011 | _a56890 | ||
| 035 | _a61043 | ||
| 040 | _cCHAP | ||
| 090 | _aR-252 | ||
| 100 | 0 | 0 |
_aShanks, Royal E. _9105478 |
| 245 | 0 | _aChecklist of the woody plants of Tennessee | |
| 500 | _aSobretiro de: Reelfoot Biological Station. 16, 1952. Journal of the Tennessee Academy of Science 27(1):27-50, 1952. Supplent J. Tennessee Academy Science 29(3):234-237, 1954 | ||
| 590 |
_aBATCH-UPD _b10 _c20130110 _lUCH01 _h2021 |
||
| 590 |
_aBATCH-UPD _b10 _c20130410 _lUCH01 _h1338 |
||
| 590 |
_aBATCH-UPD _b10 _c20130914 _lUCH01 _h1920 |
||
| 590 |
_aCONVERSION _b10 _c20130109 _lUCH01 _h1330 |
||
| 650 | 1 | 4 |
_aPlantas leƱosas _xE.U.A. _989021 |
| 901 | _aBK | ||
| 942 | _cREIMP | ||
| 949 |
_aR-252 _bBC _cR _d-131281 _eTS1 _i61043 _si |
||
| 999 |
_c55918 _d55918 |
||